Statistiques concernant Pays par image satellite partielle n°1

Cliquez ici pour prendre le quiz!

Statistiques générales

  • Ce quiz a été pris 2,099 fois
  • Le résultat moyen est 9 sur 15

Statistiques - réponses

Answer % Correct
France
96%
Italie
96%
Chypre
79%
Grèce
73%
Cuba
69%
Turquie
68%
Madagascar
61%
Philippines
59%
Canada
51%
Indonésie
46%
Taïwan
45%
Allemagne
40%
Russie
36%
Irak
21%
Panama
20%

Distribution des résultats

Percentile by Number Answered

% des personnes avec chaque résultat

Votre développement - résultats

Vous n’avez pas pris ce quiz